000 00499ntaaa2200193 4500
003 01
005 20251027202715.0
008 0714s1973 ag 01
040 _aAR-BaBN
_bspa
_cAR-BaBN
_eaacr
_dRIC
082 _a572.0000 G93
100 _aGuardini, Romano
_978
245 _aMundo y persona
250 _a1 ed.
260 _as.l. :
_bLos libros del monograma,
_c1967
300 _a286 p
500 _aEnsayos para una teorĂ­a cristiana del hombre
650 _aantropologĂ­a
_95885
942 _cBK
999 _c22264
_d22264